00643nam a2200157Ia 4500008004100000082001900041100002000060245004200080260001800122300000900140650002900149942001200178952014000190952014000330999001500470150301s2014 xx 000 0 und d a610.7367bM14B aBLACK, JOYEE M. aMEDICAL SURGICAL NURSING SPECIALITIES bELSEVERc2014 a2218 aMEDICAL SURGICAL NURSING 2ddccBK 00102ddc40708NURSINGaFMbFMcTXTd2015-07-02eABC DELHIiSGTUl0o610.7367 M14BpFN2895r2015-07-02 00:00:00w2015-03-25yBKk5533 00102ddc40708NURSINGaFMbFMcTXTd2015-07-02eABC DELHIiSGTUl0o610.7367 M14BpFN2896r2015-07-02 00:00:00w2015-03-25yBKk5533 c6846d6846